Design of reinforete concrete strructures / (Record no. 102400)

MARC details
000 -LEADER
fixed length control field 01092nam a22002537a 4500
005 - DATE AND TIME OF LATEST TRANSACTION
control field 20170502100218.0
010 ## - LCCN (DPL NO)
LC control number 1617EN ENG-116906
020 ## - INTERNATIONAL STANDARD BOOK NUMBER
International Standard Book Number 9780198086949
Terms of availability 775.00
035 ## - SYSTEM CONTROL NUMBER
System control number B-651419-428
035 ## - SYSTEM CONTROL NUMBER
System control number B-666221
035 ## - SYSTEM CONTROL NUMBER
System control number EN-100438
037 ## - SOURCE OF ACQUISITION
Source of stock number/acquisition Pragati
Stock number dpl
037 ## - SOURCE OF ACQUISITION
Source of stock number/acquisition DBAD/PUB
082 ## - DEWEY DECIMAL CLASSIFICATION NUMBER
Classification number 624.18341
100 ## - MAIN ENTRY--PERSONAL NAME
Personal name Subramnian, N.
245 ## - TITLE STATEMENT
Title Design of reinforete concrete strructures /
Statement of responsibility, etc by N.Subramnian
260 ## - PUBLICATION, DISTRIBUTION, ETC. (IMPRINT)
Date of publication, distribution, etc 2016 (rpt)
Place of publication, distribution, etc New Delhi
Name of publisher, distributor, etc Oxford University Press
270 ## - ADDRESS
Address YMCA Library Building, 1, Jai Singh Road,
City New Delhi
Postal code 110001.
300 ## - PHYSICAL DESCRIPTION
Dimensions 25cm(pbk)
Extent xxi, 857p.
Other physical details illus.
500 ## - GENERAL NOTE
General note Includes bibliographical references and index
942 ## - ADDED ENTRY ELEMENTS (KOHA)
Item type English Books
Source of classification or shelving scheme Dewey Decimal Classification
Classification part 624.18341
Call number suffix SUB
Holdings
Withdrawn status Lost status Not for loan Collection code Home library Current library Date acquired Source of acquisition Cost, normal purchase price Full call number Barcode Copy number Cost, replacement price Koha item type
      Non-fiction Ashok Vihar Ashok Vihar 02/05/2017 BPPD/EN/2016-17/AV/2016-17/466/15.2.2017/569/28.2.2017/ 10.3.2017 775.00 624.18341 SUB B-666221 1 775.00 English Books
      Non-fiction Bagh Kadhe Khan Bagh Kadhe Khan 08/02/2017 BPPD/EN/2016-17/300/24.11.2016/IN339/2.12.2016/4.1.2017 775.00 624.18341 SUB B-651427 1 775.00 English Books
      Non-fiction Bawana Bawana 08/02/2017 DBAD/PUB 775.00 624.18341 SUB EN-100438 1 775.00 English Books
      Non-fiction Central Library Central Library 08/02/2017 BPPD/EN/2016-17/300/24.11.2016/IN339/2.12.2016/4.1.2017 775.00 624.18341 SUB B-651419 1 775.00 English Books
      Non-fiction Janak Puri Janak Puri 08/02/2017 BPPD/EN/2016-17/300/24.11.2016/IN339/2.12.2016/4.1.2017 775.00 624.18341 SUB B-651423 1 775.00 English Books
      Non-fiction Karol Bagh Karol Bagh 08/02/2017 BPPD/EN/2016-17/300/24.11.2016/IN339/2.12.2016/4.1.2017 775.00 624.18341 SUB B-651425 1 775.00 English Books
      Non-fiction Kasturba Gandhi Marg Kasturba Gandhi Marg 08/02/2017 BPPD/EN/2016-17/300/24.11.2016/IN339/2.12.2016/4.1.2017 775.00 624.18341 SUB B-651422 1 775.00 English Books
      Non-fiction New Police Line New Police Line 08/02/2017 BPPD/EN/2016-17/300/24.11.2016/IN339/2.12.2016/4.1.2017 775.00 624.18341 SUB B-651420 1 775.00 English Books
      Non-fiction New Rohtak Road New Rohtak Road 08/02/2017 BPPD/EN/2016-17/300/24.11.2016/IN339/2.12.2016/4.1.2017 775.00 624.18341 SUB B-651426 1 775.00 English Books
      Non-fiction Patel Nagar Patel Nagar 08/02/2017 BPPD/EN/2016-17/300/24.11.2016/IN339/2.12.2016/4.1.2017 775.00 624.18341 SUB B-651421 1 775.00 English Books
      Non-fiction Sarojini Nagar Sarojini Nagar 08/02/2017 BPPD/EN/2016-17/300/24.11.2016/IN339/2.12.2016/4.1.2017 775.00 624.18341 SUB B-651424 1 775.00 English Books
      Non-fiction Shahdara Branch Shahdara Branch 08/02/2017 BPPD/EN/2016-17/300/24.11.2016/IN339/2.12.2016/4.1.2017 775.00 624.18341 SUB B-651428 1 775.00 English Books

© Delhi Public Library
Hit Counter
free hit counter